000 00665nam a2200253 a 4500
001 007814
003 DO-SdBNP
005 20171019091915.0
008 0909112009 sp 000 0 spa d
020 _a9789945410518
040 _aBPMSU
_bspa
_cBPMSU
082 _a461.52
092 _b
100 1 _a
110 _4Real Academia Española.
245 1 0 _aOrtografía básica de la lengua española
_c
260 _aSanto Domingo
_bLetragráfica
_c2009
300 _a111p. ;
_c23 cm.
_b
650 4 _aESPAÑOL
_xORTOGRAFÍA
_xENSEÑANZA
910 _a
942 _2ddc
_cBK
945 _aInventariado / 2017 VM
956 _aBTAVAREZ
_b10
_c20171018
_l0038
999 _c10338
_d10338